000 00591nam a2200229Ia 4500
003 OSt
005 20221007072208.0
006 a|||||r|||| 00| 0
007 ta
008 221006b |||||||| |||| 00| 0 eng d
024 _a13,908
037 _cTextual
040 _aFLL
_cFLL
_beng
041 _2eng
_aeng
082 _aXz7, L8
100 _aTawney R.H. Au.
_9690214
245 0 _aHistory and society
260 _aLondon
_bRoutledge and kegan paul London
_c1978
300 _a260p
_ccm.
942 _hXz7, L8
_cTEXL
_2CC
999 _c1145396
_d1145396